[Event "2015 March of Kings"]
[Site "Calgary"]
[Date "2015.03.14"]
[Round "1.1"]
[White "Nguyen, Kim"]
[Black "Koneru, Nimai"]
[Result "1-0"]
[WhiteElo "2231"]
[BlackElo "1619"]
[PlyCount "95"]
[EventDate "2015.03.14"]
[EventType "swiss"]
[EventRounds "5"]
[EventCountry "CAN"]

1. e4 c6 2. d4 d5 3. e5 Bf5 4. Nf3 e6 5. Be2 Nd7 6. O-O Ne7 7. Nbd2 Bg6 8. Nb3
Nf5 9. c3 Be7 10. g4 Nh6 11. Ne1 Ng8 12. Bd3 Bxd3 13. Nxd3 h5 14. gxh5 Nh6 15.
Bxh6 Rxh6 16. Kh1 Bf8 17. Qg4 g6 18. Nf4 gxh5 19. Nxh5 Rg6 20. Qh3 Qg5 21. Rg1
Qh6 22. Rxg6 Qxg6 23. f3 O-O-O 24. Nf4 Qc2 25. Qg2 Qf5 26. Ne2 Be7 27. Ng3 Qf4
28. Rf1 Rg8 29. Nc1 Bh4 30. Nce2 Qg5 31. f4 Qg7 32. Qf3 Rh8 33. f5 Qh6 34. Rf2
a6 35. Qf4 Bg5 36. Qg4 Bh4 37. Rg2 Nb6 38. fxe6 fxe6 39. b3 Kd7 40. a4 Nc8 41.
c4 Ne7 42. cxd5 cxd5 43. Qf4 Bg5 44. Qf3 Be3 45. Qf1 Rf8 46. Qa1 Qh3 47. Qa3
Nc8 48. Qxf8 1-0

[Event "2015 March of Kings"]
[Site "Calgary"]
[Date "2015.03.14"]
[Round "1.2"]
[White "Tawfik, John S."]
[Black "Pellerin, Franck"]
[Result "1-0"]
[WhiteElo "1509"]
[BlackElo "1814"]
[PlyCount "89"]
[EventDate "2015.03.14"]
[EventType "swiss"]
[EventRounds "5"]
[EventCountry "CAN"]

1. d4 d5 2. Bf4 Nf6 3. h3 e6 4. e3 Bd6 5. Bg5 Be7 6. Bd3 Nbd7 7. Nf3 c5 8. Nc3
O-O 9. dxc5 Nxc5 10. Bf4 Nxd3+ 11. Qxd3 a6 12. g4 Bd6 13. Bg5 h6 14. Bh4 g5 15.
Nxg5 hxg5 16. Bxg5 Be7 17. Bh6 Re8 18. g5 Bf8 19. Bxf8 Kxf8 20. gxf6 Qxf6 21.
Rg1 Ke7 22. Na4 b5 23. Qa3+ Kd8 24. Qd6+ Bd7 25. Nb6 Qe7 26. Qe5 Qb4+ 27. Ke2
Bc6 28. Qf6+ Qe7 29. Qe5 f6 30. Qc3 Bb7 31. Nxa8 Bxa8 32. Qa5+ Qc7 33. Qd2 Rh8
34. Rg6 Qc4+ 35. Qd3 Qh4 36. Rag1 Qh5+ 37. Ke1 Qxh3 38. Rg8+ Ke7 39. R8g7+ Kd6
40. Qa3+ Ke5 41. Qc3+ Kf5 42. R7g6 e5 43. Qc7 Qh7 44. Rg7 Qh2 45. Qd7+ 1-0

[Event "2015 March of Kings"]
[Site "Calgary"]
[Date "2015.03.14"]
[Round "1.3"]
[White "Milne, Arthur"]
[Black "Schlegel, Zacchary "]
[Result "0-1"]
[WhiteElo "1693"]
[BlackElo "1410"]
[PlyCount "86"]
[EventDate "2015.03.14"]
[EventType "swiss"]
[EventRounds "5"]
[EventCountry "CAN"]

1. f4 d5 2. b3 Nc6 3. Bb2 Nf6 4. Nf3 Bf5 5. e3 e6 6. Bb5 a6 7. Bxc6+ bxc6 8.
O-O Bd6 9. d3 O-O 10. Nbd2 Re8 11. Ne5 c5 12. Qe1 Ng4 13. e4 Bxe5 14. fxe5 Bg6
15. Qg3 Nh6 16. Rad1 c6 17. Nf3 Qb6 18. c4 dxe4 19. dxe4 Bxe4 20. Qf4 Bg6 21.
g4 Rf8 22. Rd6 Bc2 23. h3 Rad8 24. Qd2 Rxd6 25. exd6 Bg6 26. Rd1 Rd8 27. Be5
Rd7 28. Bf4 f6 29. Bxh6 gxh6 30. Qxh6 Qd8 31. Qd2 e5 32. b4 cxb4 33. Qxb4 Kf7
34. c5 a5 35. Qc4+ Kf8 36. Rf1 Kg7 37. Qa6 Be4 38. Nh4 Bd5 39. Nf5+ Kg8 40. Qd3
Qe8 41. Ne7+ Rxe7 42. dxe7 Qxe7 43. Rb1 Qxc5+ 0-1

[Event "2015 March of Kings"]
[Site "Calgary"]
[Date "2015.03.14"]
[Round "1.6"]
[White "Stacey, George"]
[Black "Dave, Bhavik"]
[Result "0-1"]
[WhiteElo "1022"]
[BlackElo "1645"]
[PlyCount "110"]
[EventDate "2015.03.14"]
[EventType "swiss"]
[EventRounds "5"]
[EventCountry "CAN"]

1. d4 Nf6 2. Bf4 g6 3. e3 Bg7 4. c3 d5 5. Nd2 O-O 6. Bd3 Nbd7 7. h3 c5 8. Ngf3
b6 9. O-O Bb7 10. Re1 Re8 11. Ne5 Nxe5 12. Bxe5 Nd7 13. Bxg7 Kxg7 14. e4 cxd4
15. cxd4 dxe4 16. Bxe4 Bxe4 17. Nxe4 Rc8 18. Nc3 Nf6 19. a3 Qd7 20. Qd2 Red8
21. Rad1 Rc4 22. Ne2 Qf5 23. Qd3 Qxd3 24. Rxd3 e5 25. Rc3 Rxc3 26. bxc3 exd4
27. Nxd4 Rd7 28. Nf3 Kf8 29. a4 Rc7 30. Nd4 Rxc3 31. Nb5 Rc4 32. Nxa7 Rxa4 33.
Nc8 b5 34. Rb1 Rc4 35. Nd6 Rc6 36. Nxb5 Rb6 37. Nc3 Rxb1+ 38. Nxb1 h5 39. f3 h4
40. Nc3 Ke7 41. Kf2 Nh5 42. Ne4 f5 43. g4 hxg3+ 44. Nxg3 Nf4 45. h4 Kf6 46. Ke3
Ng2+ 47. Kd4 Nxh4 48. f4 Nf3+ 49. Ke3 Ne1 50. Kf2 Nc2 51. Ne2 Ke6 52. Kg2 Kd5
53. Kf3 Nd4+ 54. Kf2 Nxe2 55. Kxe2 Ke4 0-1

[Event "2015 March of Kings"]
[Site "Calgary"]
[Date "2015.03.14"]
[Round "1.7"]
[White "Zhao, Ian"]
[Black "Schlegel, Allan"]
[Result "1-0"]
[WhiteElo "1639"]
[BlackElo "414"]
[PlyCount "67"]
[EventDate "2015.03.14"]
[EventType "swiss"]
[EventRounds "5"]
[EventCountry "CAN"]

1. e4 e5 2. Nf3 d6 3. d4 Nf6 4. Nc3 Bd7 5. dxe5 dxe5 6. Nxe5 Nc6 7. Nxd7 Qxd7
8. Qxd7+ Kxd7 9. Bf4 Re8 10. O-O-O+ Bd6 11. f3 Re6 12. Bc4 Re7 13. Bxd6 cxd6
14. Nb5 Nb4 15. Nxd6 a6 16. Nxf7+ Kc6 17. Nxh8 b5 18. Bb3 Nh5 19. c3 Nxa2+ 20.
Bxa2 Nf4 21. Bd5+ Kc5 22. b4+ Kd6 23. g3 Ne2+ 24. Kd2 Nxg3 25. hxg3 h6 26. Nf7+
Kc7 27. Ra1 Kb6 28. Nd6 Rc7 29. Bb7 Rd7 30. Rxa6+ Kc7 31. Rc6+ Kb8 32. Rc8+ Ka7
33. Ra1+ Kb6 34. Ra6# 1-0

[Event "2015 March of Kings"]
[Site "Calgary"]
[Date "2015.03.14"]
[Round "2.3"]
[White "Tawfik, John S."]
[Black "Fellah, Mohamad"]
[Result "1-0"]
[WhiteElo "1509"]
[BlackElo "1657"]
[PlyCount "93"]
[EventDate "2015.03.14"]
[EventType "swiss"]
[EventRounds "5"]
[EventCountry "CAN"]

1. d4 Nf6 2. Bf4 g6 3. e3 Bg7 4. Nf3 O-O 5. Bd3 d6 6. h3 c5 7. Nc3 cxd4 8. exd4
Qb6 9. b3 Nc6 10. Na4 Qc7 11. Qd2 e5 12. dxe5 dxe5 13. Bg3 Nh5 14. Bh2 Qe7 15.
O-O Nf4 16. Bc4 Rd8 17. Qc1 e4 18. Qxf4 Bxa1 19. Ng5 Bf6 20. Nxf7 Rf8 21. Nd6+
Kg7 22. Nxe4 Be5 23. Qe3 Bxh2+ 24. Kxh2 b5 25. Qc3+ Kh6 26. Bd5 Qc7+ 27. Kg1
bxa4 28. Bxc6 Rb8 29. Qe3+ Qf4 30. Qxa7 axb3 31. axb3 Bf5 32. Nc5 Rbc8 33. Qe7
Bxh3 34. gxh3 Rxc6 35. Ne6 Rf7 36. Qe8 Rxe6 37. Qxe6 Rf5 38. Qe3 Rg5+ 39. Kh1
Qb4 40. Rg1 Qb7+ 41. f3 Kg7 42. Rxg5 Qa8 43. Qc3+ Kh6 44. Ra5 Qb8 45. Qe3+ Kg7
46. Ra7+ Kf8 47. Qe7+ 1-0

[Event "2015 March of Kings"]
[Site "Calgary"]
[Date "2015.03.14"]
[Round "2.4"]
[White "Pellerin, Franck"]
[Black "Das, Prakash"]
[Result "0-1"]
[WhiteElo "1814"]
[BlackElo "1497"]
[PlyCount "70"]
[EventDate "2015.03.14"]
[EventType "swiss"]
[EventRounds "5"]
[EventCountry "CAN"]

1. e4 c5 2. Nf3 d6 3. d4 cxd4 4. Nxd4 Nf6 5. Nc3 a6 6. Bc4 Qc7 7. Bb3 e6 8. O-O
b5 9. Re1 Be7 10. f3 O-O 11. Be3 Nc6 12. a4 b4 13. Nxc6 Qxc6 14. Ne2 Re8 15. a5
Qb7 16. Bb6 Bd7 17. Qd2 Bf8 18. Rad1 Rac8 19. Qxb4 d5 20. Qd4 dxe4 21. fxe4 Bc6
22. Nc3 Nd7 23. Ba4 Bb5 24. Bxb5 Nxb6 25. Bxa6 Qxa6 26. b4 Nc4 27. Na2 h6 28.
Kh1 Nxa5 29. bxa5 Qxa5 30. Ra1 Qc7 31. c3 Red8 32. Qe3 e5 33. Nb4 Qxc3 34. Nd5
Qxe3 35. Rxe3 Rc4 0-1

[Event "2015 March of Kings"]
[Site "Calgary"]
[Date "2015.03.14"]
[Round "2.7"]
[White "Schlegel, Allan"]
[Black "Chen, Andrew"]
[Result "0-1"]
[WhiteElo "414"]
[BlackElo "1124"]
[PlyCount "88"]
[EventDate "2015.03.14"]
[EventType "swiss"]
[EventRounds "5"]
[EventCountry "CAN"]

1. e4 e5 2. Nf3 Nc6 3. b3 Nf6 4. Bb2 d6 5. d4 exd4 6. Nxd4 Nxd4 7. Qxd4 c5 8.
Qd3 Be7 9. Qb5+ Qd7 10. Bd3 O-O 11. O-O Nxe4 12. Rd1 Qxb5 13. Bxb5 a6 14. Bd3
Bf6 15. Bxf6 Nxf6 16. Nd2 b5 17. Ne4 Nxe4 18. Bxe4 Ra7 19. Rxd6 Re7 20. f3 Rc7
21. Rad1 g6 22. Bc6 Re7 23. g4 Re2 24. Be4 f5 25. Bd5+ Kg7 26. gxf5 Rxf5 27.
Kf1 Rfe5 28. Be4 Rxh2 29. R1d5 Rxd5 30. Bxd5 Rxc2 31. a3 Rd2 32. b4 cxb4 33.
axb4 Be6 34. Rxe6 Rxd5 35. Rxa6 Rg5 36. Kf2 h5 37. Ke3 h4 38. Kf4 Rg1 39. Rb6
h3 40. Rxb5 g5+ 41. Kf5 h2 42. Rb7+ Kh6 43. f4 h1=Q 44. fxg5+ Rxg5+ 0-1

[Event "2015 March of Kings"]
[Site "Calgary"]
[Date "2015.03.14"]
[Round "3.1"]
[White "Nguyen, Kim"]
[Black "Tawfik, John S."]
[Result "1-0"]
[WhiteElo "2231"]
[BlackElo "1509"]
[PlyCount "101"]
[EventDate "2015.03.14"]
[EventType "swiss"]
[EventRounds "5"]
[EventCountry "CAN"]

1. e4 e5 2. Nf3 Nc6 3. Bb5 Nd4 4. Nxd4 exd4 5. O-O Bc5 6. Bc4 d6 7. d3 Nh6 8.
h3 Bd7 9. Qh5 Qe7 10. Bg5 Qf8 11. f4 d5 12. Bxd5 c6 13. Bb3 Be7 14. Nd2 O-O-O
15. Bxh6 gxh6 16. Qxf7 Qxf7 17. Bxf7 Rhf8 18. Bb3 Rf6 19. Kh2 Rdf8 20. g3 h5
21. Nf3 c5 22. h4 h6 23. a4 Be6 24. Bxe6+ Rxe6 25. e5 Rg8 26. Nd2 Reg6 27. Ne4
Rg4 28. Kh3 Kd7 29. b3 Ke6 30. Rae1 Kf5 31. Re2 R8g6 32. Rf3 Re6 33. Kh2 Rg7
34. Rf1 Reg6 35. Kh3 Rg4 36. Rf3 R4g6 37. Re1 Re6 38. Nf2 a6 39. Ne4 Reg6 40.
Nd2 Bf8 41. Rb1 a5 42. Nc4 b6 43. Re1 Re6 44. Re4 Rd7 45. Rf2 Rg7 46. c3 Reg6
47. Rf3 dxc3 48. Ne3+ Ke6 49. f5+ Ke7 50. fxg6 Rxg6 51. Nd5+ 1-0

[Event "2015 March of Kings"]
[Site "Calgary"]
[Date "2015.03.14"]
[Round "3.2"]
[White "Das, Prakash"]
[Black "Wu, Chenxi"]
[Result "1/2-1/2"]
[WhiteElo "1497"]
[BlackElo "1681"]
[PlyCount "51"]
[EventDate "2015.03.14"]
[EventType "swiss"]
[EventRounds "5"]
[EventCountry "CAN"]

1. Nf3 Nf6 2. c4 c5 3. Nc3 Nc6 4. g3 d6 5. Bg2 Bd7 6. O-O g6 7. e3 Bg7 8. d4
cxd4 9. exd4 O-O 10. Re1 Rc8 11. Be3 a6 12. Qd2 Ng4 13. Bf4 e5 14. dxe5 dxe5
15. Bg5 f6 16. h3 fxg5 17. hxg4 Bxg4 18. Qxd8 Rfxd8 19. Nxg5 Nd4 20. Bd5+ Kf8
21. f3 h6 22. Nh7+ Ke8 23. fxg4 Nc2 24. g5 Nxa1 25. Rxa1 hxg5 26. Nxg5 1/2-1/2

[Event "2015 March of Kings"]
[Site "Calgary"]
[Date "2015.03.14"]
[Round "3.3"]
[White "Schlegel, Zacchary "]
[Black "Zhao, Ian"]
[Result "1/2-1/2"]
[WhiteElo "1410"]
[BlackElo "1639"]
[PlyCount "46"]
[EventDate "2015.03.14"]
[EventType "swiss"]
[EventRounds "5"]
[EventCountry "CAN"]

1. e4 e5 2. Nf3 Nc6 3. Bb5 a6 4. Bxc6 dxc6 5. d4 exd4 6. Qxd4 Qxd4 7. Nxd4 Bc5
8. Nb3 Bd6 9. Nc3 Be6 10. Be3 O-O-O 11. O-O-O Nf6 12. f3 Be7 13. Bc5 Rhe8 14.
Bxe7 Rxe7 15. Nc5 Nd7 16. Nxe6 Rxe6 17. Rd2 Nb6 18. b3 Red6 19. Re2 Re6 20. Rd2
Red6 21. Re2 Re6 22. Rd2 Red6 23. Re2 Re6 1/2-1/2

[Event "2015 March of Kings"]
[Site "Calgary"]
[Date "2015.03.14"]
[Round "3.4"]
[White "Milne, Arthur"]
[Black "Dave, Bhavik"]
[Result "1-0"]
[WhiteElo "1693"]
[BlackElo "1645"]
[PlyCount "77"]
[EventDate "2015.03.14"]
[EventType "swiss"]
[EventRounds "5"]
[EventCountry "CAN"]

1. f4 Nf6 2. b3 d5 3. e3 c5 4. Bb2 Nc6 5. Nf3 Bg4 6. Bb5 e6 7. O-O Be7 8. d3
O-O 9. Bxc6 bxc6 10. Nbd2 Nd7 11. Qe1 Bxf3 12. Nxf3 Bf6 13. Ne5 Nxe5 14. fxe5
Be7 15. Qg3 f6 16. Rad1 f5 17. e4 Bh4 18. Qh3 Qg5 19. Ba3 Qg4 20. Qxg4 fxg4 21.
Bxc5 Rfe8 22. Rf4 h5 23. Rdf1 Be7 24. Bd6 Bxd6 25. exd6 e5 26. Rf7 Red8 27. d7
a5 28. Re7 Rf8 29. Rxe5 dxe4 30. dxe4 Rfd8 31. Re7 Rf8 32. Re6 Rfd8 33. Rd6 Ra7
34. Rfd1 Rc7 35. e5 Kf7 36. c4 Ke7 37. e6 g5 38. c5 a4 39. Rf1 1-0

[Event "2015 March of Kings"]
[Site "Calgary"]
[Date "2015.03.14"]
[Round "3.7"]
[White "Schlegel, Allan"]
[Black "Pellerin, Franck"]
[Result "0-1"]
[WhiteElo "414"]
[BlackElo "1814"]
[PlyCount "38"]
[EventDate "2015.03.14"]
[EventType "swiss"]
[EventRounds "5"]
[EventCountry "CAN"]

1. d4 d5 2. e3 Nf6 3. Nc3 e6 4. Be2 c5 5. Nf3 Nc6 6. O-O a6 7. Ne5 Bd6 8. f4
O-O 9. Qe1 Nd7 10. f5 Ndxe5 11. fxe6 Ng6 12. Rxf7 Bxe6 13. Rxf8+ Qxf8 14. e4
Nxd4 15. Qf1 Nxe2+ 16. Nxe2 Bxh2+ 17. Kxh2 Qxf1 18. Ng1 Nh4 19. Nf3 Qxg2# 0-1

[Event "2015 March of Kings"]
[Site "Calgary"]
[Date "2015.03.15"]
[Round "4.1"]
[White "Wu, Chenxi"]
[Black "Nguyen, Kim"]
[Result "0-1"]
[WhiteElo "1681"]
[BlackElo "2231"]
[PlyCount "72"]
[EventDate "2015.03.14"]
[EventType "swiss"]
[EventRounds "5"]
[EventCountry "CAN"]

1. e4 c5 2. Nf3 d6 3. d4 cxd4 4. Nxd4 Nf6 5. Nc3 a6 6. g3 e5 7. Nde2 Be7 8. Bg2
b5 9. O-O Bb7 10. f4 O-O 11. h3 Nbd7 12. g4 Nc5 13. Ng3 exf4 14. Bxf4 b4 15.
Nd5 Nxd5 16. exd5 Bf6 17. Nf5 Qb6 18. Rb1 Rfe8 19. Kh1 Ne4 20. Kh2 g6 21. Be3
Qa5 22. Nh6+ Kg7 23. Bxe4 Rxe4 24. Qf3 Be5+ 25. Kg1 Bxd5 26. Nxf7 Rf4 27. Nxe5
Rxf3 28. Nxf3 Bxf3 29. Rxf3 Rf8 30. Bh6+ Kxh6 31. Rxf8 Qxa2 32. Rff1 Kg5 33.
Kg2 Kh4 34. Kh2 d5 35. Rfc1 Qc4 36. Rg1 Qxc2+ 0-1

[Event "2015 March of Kings"]
[Site "Calgary"]
[Date "2015.03.15"]
[Round "4.3"]
[White "Das, Prakash"]
[Black "Fellah, Mohamad"]
[Result "0-1"]
[WhiteElo "1497"]
[BlackElo "1657"]
[PlyCount "64"]
[EventDate "2015.03.14"]
[EventType "swiss"]
[EventRounds "5"]
[EventCountry "CAN"]

1. Nf3 Nf6 2. c4 g6 3. g3 Bg7 4. Nc3 O-O 5. Bg2 d6 6. O-O Nc6 7. d3 e5 8. Nd2
a6 9. Nb3 Rb8 10. Be3 Be6 11. Nd5 Ng4 12. Bd2 f5 13. Rc1 Nd4 14. c5 Nxb3 15.
axb3 dxc5 16. Ne3 Nxe3 17. Bxe3 b6 18. Qc2 a5 19. Rfd1 Qe7 20. Qd2 Qf7 21. Re1
Bxb3 22. h4 f4 23. Bxc5 bxc5 24. Qxa5 fxg3 25. fxg3 Qf2+ 26. Kh2 Bd5 27. Rg1
Bf6 28. Qxc5 Qxc5 29. Rxc5 Bxg2 30. Rxg2 Rb7 31. e4 Rd8 32. Rd2 Bg7 0-1

[Event "2015 March of Kings"]
[Site "Calgary"]
[Date "2015.03.15"]
[Round "4.4"]
[White "Zhao, Ian"]
[Black "Chen, Andrew"]
[Result "1-0"]
[WhiteElo "1639"]
[BlackElo "1124"]
[PlyCount "101"]
[EventDate "2015.03.14"]
[EventType "swiss"]
[EventRounds "5"]
[EventCountry "CAN"]

1. e4 e5 2. Nf3 Nc6 3. d4 d6 4. dxe5 dxe5 5. Qxd8+ Kxd8 6. Nc3 Nf6 7. Bg5 Be7
8. O-O-O+ Nd7 9. Bxe7+ Kxe7 10. Bc4 Rf8 11. Rhe1 f6 12. Nh4 g6 13. g3 Nb6 14.
Bb3 Nd4 15. Ne2 Bg4 16. f3 g5 17. fxg4 Nxb3+ 18. axb3 gxh4 19. gxh4 Rad8 20.
Ng3 Kf7 21. Nf5 Nc8 22. c3 Ne7 23. Rf1 Rxd1+ 24. Kxd1 Rd8+ 25. Ke2 Rh8 26. Nxe7
Kxe7 27. g5 Rf8 28. Rf5 Ke6 29. Kf3 Rf7 30. Kg4 fxg5 31. Rxf7 Kxf7 32. hxg5 Kg6
33. h4 h5+ 34. gxh6 Kxh6 35. Kf5 Kg7 36. Kxe5 Kf7 37. h5 Kg7 38. h6+ Kxh6 39.
Kf6 Kh7 40. Kf7 Kh6 41. e5 Kg5 42. e6 Kf5 43. e7 Ke5 44. e8=Q+ Kd5 45. Qe6+ Kc5
46. b4+ Kb5 47. b3 c5 48. Qd7+ Kb6 49. Qd6+ Kb5 50. Qxc5+ Ka6 51. Qa5# 1-0

[Event "2015 March of Kings"]
[Site "Calgary"]
[Date "2015.03.15"]
[Round "4.5"]
[White "Dave, Bhavik"]
[Black "Schlegel, Zacchary "]
[Result "1-0"]
[WhiteElo "1645"]
[BlackElo "1410"]
[PlyCount "81"]
[EventDate "2015.03.14"]
[EventType "swiss"]
[EventRounds "5"]
[EventCountry "CAN"]

1. d4 d5 2. c4 e6 3. Nc3 Nf6 4. cxd5 exd5 5. Bg5 Be7 6. e3 Bf5 7. Qb3 Nc6 8.
Bxf6 Bxf6 9. Qxb7 Ne7 10. Bb5+ Kf8 11. Nge2 Qc8 12. Qxc8+ Rxc8 13. Nf4 Rb8 14.
b3 c6 15. Bd3 g6 16. Na4 Kg7 17. Rc1 Bxd3 18. Nxd3 Rhe8 19. Nac5 Nf5 20. Nd7
Rbc8 21. Nxf6 Kxf6 22. Ne5 Re6 23. Ke2 Kg7 24. Rc5 f6 25. Nf3 g5 26. h3 Rce8
27. Rhc1 Rc8 28. Rxd5 cxd5 29. Rxc8 h5 30. g4 hxg4 31. hxg4 Nh6 32. Rc7+ Kg6
33. Nh2 Ra6 34. Rc2 f5 35. gxf5+ Nxf5 36. Nf3 Re6 37. Rc6 Nd6 38. Ra6 Kf5 39.
Ne5 Nb5 40. Rxe6 Kxe6 41. Kd3 1-0

[Event "2015 March of Kings"]
[Site "Calgary"]
[Date "2015.03.15"]
[Round "4.6"]
[White "Koneru, Nimai"]
[Black "Schlegel, Allan"]
[Result "1-0"]
[WhiteElo "1619"]
[BlackElo "414"]
[PlyCount "31"]
[EventDate "2015.03.14"]
[EventType "swiss"]
[EventRounds "5"]
[EventCountry "CAN"]

1. d4 Nf6 2. c4 d5 3. Nc3 Be6 4. cxd5 Bxd5 5. Nxd5 Qxd5 6. Nf3 Nc6 7. e3 e6 8.
a3 Bd6 9. Qc2 g6 10. Bc4 Qe4 11. Bd3 Qd5 12. e4 Qa5+ 13. Bd2 Nb4 14. Qb1 Nxd3+
15. Qxd3 O-O 16. Bxa5 1-0

[Event "2015 March of Kings"]
[Site "Calgary"]
[Date "2015.03.15"]
[Round "5.1"]
[White "Nguyen, Kim"]
[Black "Milne, Arthur"]
[Result "1-0"]
[WhiteElo "2231"]
[BlackElo "1693"]
[PlyCount "53"]
[EventDate "2015.03.14"]
[EventType "swiss"]
[EventRounds "5"]
[EventCountry "CAN"]

1. e4 a6 2. d4 b5 3. Nf3 Bb7 4. Bd3 d6 5. a4 b4 6. a5 c5 7. c3 Nf6 8. d5 Nbd7
9. O-O g6 10. Qa4 Rb8 11. Bd2 bxc3 12. Bxc3 Bg7 13. e5 dxe5 14. Nxe5 O-O 15.
Nc6 Bxc6 16. dxc6 c4 17. Qxc4 Rc8 18. Be2 Nb8 19. Bf3 Nxc6 20. Qxa6 Nd4 21.
Bxd4 Qxd4 22. Nc3 Qb4 23. Qb5 Qf4 24. Ra4 Qc7 25. a6 Ne8 26. Nd5 Qe5 27. Re4
1-0

[Event "2015 March of Kings"]
[Site "Calgary"]
[Date "2015.03.15"]
[Round "5.2"]
[White "Fellah, Mohamad"]
[Black "Zhao, Ian"]
[Result "1/2-1/2"]
[WhiteElo "1657"]
[BlackElo "1639"]
[PlyCount "58"]
[EventDate "2015.03.14"]
[EventType "swiss"]
[EventRounds "5"]
[EventCountry "CAN"]

1. e4 e5 2. Nf3 Nc6 3. Bb5 a6 4. Ba4 Nf6 5. O-O Be7 6. Re1 b5 7. Bb3 O-O 8. c3
d5 9. exd5 Nxd5 10. Nxe5 Nxe5 11. Rxe5 Nf6 12. d4 Bd6 13. Re1 Ng4 14. h3 Qh4
15. Qf3 Nxf2 16. Re2 Nxh3+ 17. gxh3 Bxh3 18. Re4 Qg3+ 19. Qxg3 Bxg3 20. Re3 Bf4
21. Rxh3 Bxc1 22. Rh2 Rae8 23. Na3 Re1+ 24. Kf2 Rfe8 25. Rb1 R1e2+ 26. Kg1 Re1+
27. Kf2 R1e2+ 28. Kg1 Re1+ 29. Kf2 R1e2+ 1/2-1/2

[Event "2015 March of Kings"]
[Site "Calgary"]
[Date "2015.03.15"]
[Round "5.3"]
[White "Wu, Chenxi"]
[Black "Tawfik, John S."]
[Result "0-1"]
[WhiteElo "1681"]
[BlackElo "1509"]
[PlyCount "80"]
[EventDate "2015.03.14"]
[EventType "swiss"]
[EventRounds "5"]
[EventCountry "CAN"]

1. e4 e6 2. d4 a6 3. c4 Bb4+ 4. Bd2 Bxd2+ 5. Qxd2 Nh6 6. Nc3 d6 7. f4 Bd7 8.
Nf3 Nc6 9. Bd3 Qe7 10. a3 f6 11. Rg1 Nf7 12. b4 h6 13. Nh4 Qd8 14. Ng6 Rg8 15.
Qe3 Ne7 16. e5 f5 17. Nxe7 Qxe7 18. Kd2 g5 19. Rae1 gxf4 20. Qxf4 Rg4 21. Qe3
dxe5 22. dxe5 Bc6 23. h3 Rxg2+ 24. Rxg2 Bxg2 25. Rg1 O-O-O 26. Rxg2 Kb8 27. Rg7
Qf8 28. Rg6 Qe8 29. Rf6 Qd7 30. Kc2 Nxe5 31. Qxe5 Qxd3+ 32. Kb3 Qxh3 33. Qxe6
Qg3 34. Qxf5 Rd3 35. Rf8+ Ka7 36. Qc5+ b6 37. Ra8+ Kxa8 38. Qc6+ Ka7 39. Qf6 h5
40. Kc2 Rxc3+ 0-1

[Event "2015 March of Kings"]
[Site "Calgary"]
[Date "2015.03.15"]
[Round "5.4"]
[White "Chen, Andrew"]
[Black "Dave, Bhavik"]
[Result "0-1"]
[WhiteElo "1124"]
[BlackElo "1645"]
[PlyCount "118"]
[EventDate "2015.03.14"]
[EventType "swiss"]
[EventRounds "5"]
[EventCountry "CAN"]

1. e4 d6 2. d4 Nf6 3. Nc3 g6 4. Nf3 Bg7 5. Bg5 O-O 6. Qd2 Nbd7 7. Bh6 e5 8.
Bxg7 Kxg7 9. O-O-O Qe7 10. Nh4 Nxe4 11. Nxe4 Qxh4 12. Ng5 Qf4 13. dxe5 Qxd2+
14. Rxd2 Nxe5 15. h4 h5 16. Ne4 Bf5 17. Re2 Rfe8 18. Nc3 c6 19. g3 Nf3 20. Bg2
Bg4 21. Re3 Rxe3 22. fxe3 d5 23. e4 dxe4 24. Nxe4 Rd8 25. Bh3 Bxh3 26. Rxh3 Re8
27. Nc3 Re1+ 28. Nd1 Kf6 29. c3 Ke5 30. Kc2 Re2+ 31. Kb3 Rh2 32. Rxh2 Nxh2 33.
Nf2 Nf1 34. g4 hxg4 35. Nxg4+ Kf4 36. Nh6 f5 37. Ng8 Kg4 38. Ne7 Kh5 39. Kc2
Ne3+ 40. Kd2 Ng2 41. Ke2 Nxh4 42. Nxf5 gxf5 43. Kf2 Kg4 44. b4 b5 45. a4 bxa4
46. c4 a3 47. b5 a2 48. bxc6 a1=Q 49. c7 Qa6 50. Ke3 f4+ 51. Kd4 Qd6+ 52. Ke4
Qxc7 53. c5 Qxc5 54. Kd3 Qd5+ 55. Ke2 f3+ 56. Ke3 Nf5+ 57. Kf2 Qd2+ 58. Kf1
Ne3+ 59. Kg1 Qg2# 0-1

[Event "2015 March of Kings"]
[Site "Calgary"]
[Date "2015.03.15"]
[Round "5.5"]
[White "Schlegel, Zacchary "]
[Black "Koneru, Nimai"]
[Result "1/2-1/2"]
[WhiteElo "1410"]
[BlackElo "1619"]
[PlyCount "134"]
[EventDate "2015.03.14"]
[EventType "swiss"]
[EventRounds "5"]
[EventCountry "CAN"]

1. d4 d5 2. c4 e6 3. Nc3 Nf6 4. Nf3 c6 5. Bg5 h6 6. Bh4 Nbd7 7. e3 Be7 8. c5 b6
9. b4 a5 10. a3 Bb7 11. Bd3 O-O 12. O-O Re8 13. Nd2 e5 14. f4 exf4 15. exf4 Qc7
16. Nb3 Ba6 17. Bxa6 Rxa6 18. Qd3 Ra7 19. Bg3 Nh5 20. Qf3 Nxg3 21. Qxg3 Rea8
22. Rfe1 Bf6 23. Qe3 axb4 24. axb4 Rxa1 25. Rxa1 Rxa1+ 26. Nxa1 bxc5 27. bxc5
Nf8 28. Nb3 Ne6 29. g3 Qa7 30. Ne2 Qa3 31. Kf2 Qb2 32. Kf3 Qb1 33. Kg2 Qe1 34.
Qf2 Qd1 35. Qe3 Qc2 36. Kf3 g5 37. Kg4 gxf4 38. gxf4 Qg6+ 39. Kh3 Qh5+ 40. Kg2
Bh4 41. Ng3 Qg4 42. f5 Nf4+ 43. Kf2 Qxf5 44. Qe8+ Kg7 45. Qe5+ Qxe5 46. dxe5
Nd3+ 47. Ke3 Bxg3 48. Kxd3 Bxe5 49. h3 f5 50. Na5 Bc7 51. Nxc6 Kf6 52. Nb4 Ke6
53. Kd4 f4 54. Nxd5 Be5+ 55. Kc4 f3 56. Ne3 f2 57. Kb5 Bf4 58. Nf1 Kd7 59. Kc4
Kc6 60. Kd3 Bg5 61. Ke2 Bh4 62. Nd2 Kd5 63. c6 Kxc6 64. Ne4 Kd5 65. Nxf2 Bg5
66. Kf3 h5 67. Nd3 Ke6 1/2-1/2

[Event "2015 March of Kings"]
[Site "Calgary"]
[Date "2015.03.15"]
[Round "5.6"]
[White "Stacey, George"]
[Black "Das, Prakash"]
[Result "0-1"]
[WhiteElo "1022"]
[BlackElo "1497"]
[PlyCount "58"]
[EventDate "2015.03.14"]
[EventType "swiss"]
[EventRounds "5"]
[EventCountry "CAN"]

1. d4 Nf6 2. Bf4 g6 3. e3 Bg7 4. Nd2 O-O 5. c3 d6 6. h3 c6 7. Bd3 Nfd7 8. Ngf3
e5 9. dxe5 dxe5 10. Bh2 Qe7 11. e4 a5 12. a4 Na6 13. O-O Nac5 14. Bc2 Rd8 15.
Re1 Nb6 16. Qe2 f6 17. b3 Kh8 18. Nc4 Nxc4 19. Qxc4 Be6 20. Qe2 Bxb3 21. Bxb3
Nxb3 22. Rab1 Nc5 23. Nd2 Nxa4 24. Rec1 Bh6 25. Rc2 Bxd2 26. Rxd2 Nxc3 27.
Rxd8+ Rxd8 28. Qc2 Nxb1 29. Qxb1 Qc5 0-1

[Event "2015 March of Kings"]
[Site "Calgary"]
[Date "2015.03.15"]
[Round "5.7"]
[White "Schlegel, Allan"]
[Black "Wang, Paul"]
[Result "0-1"]
[WhiteElo "414"]
[BlackElo "1057"]
[PlyCount "37"]
[EventDate "2015.03.14"]
[EventType "swiss"]
[EventRounds "5"]
[EventCountry "CAN"]

1. d4 d5 2. Nf3 Nf6 3. Bg5 e6 4. Ne5 Nc6 5. e3 Be7 6. Be2 h6 7. Bh4 Nxe5 8. f3
Nc6 9. c3 O-O 10. Bd3 b6 11. Qc2 Bb7 12. Bxf6 Bxf6 13. Bh7+ Kh8 14. h4 Bxh4+
15. Ke2 f5 16. Bg6 Qg5 17. Bh7 Qxg2+ 18. Kd3 Qxh1 19. Bxf5 0-1

[Event "2015 Alberta Closed"]
[Site "Calgary"]
[Date "2015.04.03"]
[Round "1.1"]
[White "Yam, Alex"]
[Black "Arruebarrena, Rafael"]
[Result "0-1"]
[WhiteElo "2367"]
[BlackElo "2334"]
[PlyCount "46"]
[EventDate "2015.04.03"]
[EventType "tourn"]
[EventRounds "5"]
[EventCountry "CAN"]

1. e4 c5 2. c3 Nf6 3. e5 Nd5 4. d4 cxd4 5. Nf3 e6 6. cxd4 d6 7. Bc4 Nc6 8. O-O
Be7 9. Qe2 O-O 10. Qe4 Qa5 11. Nbd2 dxe5 12. dxe5 Rd8 13. a3 b5 14. Bd3 g6 15.
h4 Bb7 16. h5 Qb6 17. hxg6 hxg6 18. Bb1 Kg7 19. Qg4 Ne3 20. Qf4 Nxf1 21. Nc4
Rd1 22. Qh6+ Kg8 23. Nxb6 Ne3+ 0-1